Why did the chicken cross the road? / [art by] in ... Read More
Available copies
- 1 of 1 copy available at LARL/NWRL Consortium. (Show)
- 1 of 1 copy available at Northwest Regional Library.
Current holds
0 current holds with 1 total copy.
Show Only Available Copies
| Location | Call Number / Copy Notes | Barcode | Shelving Location | Status | Due Date |
|---|---|---|---|---|---|
| Warroad Public Library | e WHY (Text) | 35500003916507 | Main | Available | - |
Record details
- ISBN: 9780803730946
- ISBN: 0803730942
- ISBN: 0803732031 (reinforced) :
- ISBN: 9780803732032 (reinforced) :
- Physical Description: [32] p. : col. ill. ; 27 cm.
- Publisher: New York, NY : Dial Books for Young Readers, 2006.
Content descriptions
| Summary, etc.: | A collection of pictures drawn by different ... Read More |
| Awards Note: | A Junior Library Guild selection. |
Search for related items by subject
| Subject: | Chickens > Caricatures and cartoons > Juvenile literature. American wit and humor, Pictorial > Juvenile literature. Chickens > Cartoons and comics. Wit and humor > Pictorial works. |
| LDR | 01582cam a2200397 a 4500 | ||
|---|---|---|---|
| 001 | 74293 | ||
| 003 | LARL_NWRL_CONSORTIUM | ||
| 005 | 20061115143226.0 | ||
| 008 | 050606s2006 nyua j 000 0 eng | ||
| 010 | . | ‡a2005016196 | |
| 020 | . | ‡a9780803730946 | |
| 020 | . | ‡a0803730942 | |
| 020 | . | ‡a0803732031 (reinforced) : ‡c$16.99 | |
| 020 | . | ‡a9780803732032 (reinforced) : ‡c$16.99 | |
| 024 | 3 | . | ‡a9780803732032 |
| 035 | . | ‡a(OCoLC)60605190 | |
| 037 | . | ‡bJunior Library Guild ‡nhttp://www.juniorlibraryguild.com | |
| 040 | . | ‡aDLC ‡cDLC ‡dOCLCQ ‡dBAKER ‡dCD5 ‡dVP@ ‡dTEF ‡dEHH ‡dNRG | |
| 042 | . | ‡apcc | |
| 043 | . | ‡an-us--- | |
| 082 | 0 | 0. | ‡a741.5/973 ‡222 |
| 245 | 0 | 0. | ‡aWhy did the chicken cross the road? / ‡c[art by] in pecking order, Marla Frazee ... [et al.]. |
| 260 | . | ‡aNew York, NY : ‡bDial Books for Young Readers, ‡c2006. | |
| 300 | . | ‡a[32] p. : ‡bcol. ill. ; ‡c27 cm. | |
| 586 | 8 | . | ‡aA Junior Library Guild selection. |
| 520 | . | ‡aA collection of pictures drawn by different artists. | |
| 650 | 0. | ‡aChickens ‡vCaricatures and cartoons ‡vJuvenile literature. | |
| 650 | 0. | ‡aAmerican wit and humor, Pictorial ‡vJuvenile literature. | |
| 650 | 1. | ‡aChickens ‡vCartoons and comics. | |
| 650 | 1. | ‡aWit and humor ‡vPictorial works. | |
| 700 | 1 | . | ‡aFrazee, Marla. ‡0(LARL_NWRL_CONSORTIUM)96851 |
| 901 | . | ‡a74293 ‡bOCLC ‡c74293 ‡tbiblio | |

Add to basket
Permalink
Disable Highlighting